000 00678nam a2200277Ia 4500
005 20260324144837.0
008 008 260324s9999 xx 000 0 eng d
020 _a9780429355264
037 _aEBOOK
040 _aCRL
040 _beng
040 _cCRL
041 _2eng
041 _aeng
084 _qCRL
100 _aM. Sandra Wood; Ellen Brassil Horak; Bonnie Snow
_91220817
245 0 _aEnd User Searching in the Health Sciences
260 _bTaylor and Francis
260 _c1986
365 _a
365 _b205
856 _uhttp://www.taylorfrancis.com/books/9780429355264
942 _cEBOOK
999 _c1827945
_d1827945